Blue Lock rankings - Statistics

General Stats
  • This quiz has been taken 70 times
  • The average score is 22 of 37
Answer Stats
Value(¥) Offers Team Answer % Correct
120,000,000 FC Barcha FC Barcha Meguru Bachira
100%
240,000,000 Bastard München Bastard München Yoichi Isagi
100%
150,000,000 Ubers Ubers Shoei Baro
98%
240,000,000 Re Al Paris X Gen Rin Itoshi
96%
160,000,000 Paris X Gen Paris X Gen Ryusei Shido
96%
90,000,000 Manshine City Hyoma Chigiri
94%
24,000,000 Manshine City Seishiro Nagi
92%
60,000,000 Ubers Ubers Oliver Aiku
88%
66,000,000 Bastard München Rensuke Kunigami
88%
78,000,000 Manshine City Reo Mikage
85%
63,000,000 Ubers Eita Otoya
83%
42,000,000 Ubers Ikki Niko
83%
45,000,000 Marseille Ubers Jyubei Aryu
83%
35,000,000 Bastard München Ranze Kurona
79%
55,000,000 Paris X Gen Tabito Karasu
79%
39,000,000 Bastard München Yo Hiori
79%
42,000,000 Bastard München Kenyu Yukimiya
71%
37,000,000 Ubers Shuto Sendo
69%
27,000,000 Bastard München Jingo Raichi
67%
25,000,000 Paris X Gen Nijiro Nanase
63%
50,000,000 Bastard München Gin Gagamaru
62%
26,000,000 Bastard München Jin Kiyora
56%
22,000,000 Paris X Gen Aoshi Tokimitsu
52%
28,000,000 Ubers Gen Fukaku
40%
3,000,000 Bastard München Gurimu Igarashi
38%
33,000,000 Paris X Gen Zantetsu Tsurugi
37%
18,000,000 Manshine City Kazuma Nio
27%
3,000,000 Manshine City Hajime Nishioka
23%
15,000,000 FC Barcha Miroku Darai
23%
8,200,000 Manshine City Junichi Wanima
21%
20,000,000 FC Barcha Haru Hayate
19%
5,000,000 FC Barcha Itsuki Wakatsuki
17%
5,000,000 Paris X Gen Kento Cho
17%
7,000,000 FC Barcha Aiki Himizu
15%
11,000,000 Manshine City Reiji Hiiragi
12%
4,000,000 FC Barcha Teru Kitsunezato
12%
6,000,000 FC Barcha Shizuka Haiji
10%
No matching quizzes found
Score Distribution
Percent of People with Each Score
Percentile by Number Answered
Your Score History
You have not taken this quiz